<?xml version="1.0" encoding="UTF-8"?><?xml-stylesheet type="text/xsl" href="static/style.xsl"?><OAI-PMH xmlns="http://www.openarchives.org/OAI/2.0/" xmlns:xsi="http://www.w3.org/2001/XMLSchema-instance" xsi:schemaLocation="http://www.openarchives.org/OAI/2.0/ http://www.openarchives.org/OAI/2.0/OAI-PMH.xsd"><responseDate>2026-04-14T19:32:20Z</responseDate><request verb="GetRecord" identifier="oai:uvadoc.uva.es:10324/82009" metadataPrefix="marc">https://uvadoc.uva.es/oai/request</request><GetRecord><record><header><identifier>oai:uvadoc.uva.es:10324/82009</identifier><datestamp>2026-03-23T12:08:15Z</datestamp><setSpec>com_10324_1142</setSpec><setSpec>com_10324_931</setSpec><setSpec>com_10324_894</setSpec><setSpec>col_10324_1258</setSpec></header><metadata><record xmlns="http://www.loc.gov/MARC21/slim" xmlns:doc="http://www.lyncode.com/xoai" xmlns:xsi="http://www.w3.org/2001/XMLSchema-instance" xmlns:dcterms="http://purl.org/dc/terms/" xsi:schemaLocation="http://www.loc.gov/MARC21/slim http://www.loc.gov/standards/marcxml/schema/MARC21slim.xsd">
<leader>00925njm 22002777a 4500</leader>
<datafield tag="042" ind1=" " ind2=" ">
<subfield code="a">dc</subfield>
</datafield>
<datafield tag="720" ind1=" " ind2=" ">
<subfield code="a">Marqués Jimenez, Diego</subfield>
<subfield code="e">author</subfield>
</datafield>
<datafield tag="720" ind1=" " ind2=" ">
<subfield code="a">Izquierdo Velasco, José María</subfield>
<subfield code="e">author</subfield>
</datafield>
<datafield tag="720" ind1=" " ind2=" ">
<subfield code="a">Castillo Alvira, Daniel</subfield>
<subfield code="e">author</subfield>
</datafield>
<datafield tag="720" ind1=" " ind2=" ">
<subfield code="a">Losa Reyna, José</subfield>
<subfield code="e">author</subfield>
</datafield>
<datafield tag="720" ind1=" " ind2=" ">
<subfield code="a">Domínguez Díez, Marta</subfield>
<subfield code="e">author</subfield>
</datafield>
<datafield tag="720" ind1=" " ind2=" ">
<subfield code="a">Ramírez Jiménez, Miguel</subfield>
<subfield code="e">author</subfield>
</datafield>
<datafield tag="260" ind1=" " ind2=" ">
<subfield code="c">2025</subfield>
</datafield>
<datafield tag="520" ind1=" " ind2=" ">
<subfield code="a">This study aimed to analyze the influence of a soccer match on change of direction performance immediately and after a 48-h recovery period, with special focus on change of direction deficit and change of direction asymmetries. Fifteen outfield male soccer players who belonged to the same regional-level team participated in this study (age: 27.20 ± 5.30 years; height: 176.20 ± 6.46 cm; body mass: 73.80 ± 10.36 kg; tier 2). A repeated-measures observational design was used, with two data collection periods during the competitive period of one season (i.e., midseason and end-season). Each data collection period included one official match and their corresponding 48-h recovery period. The 30-m linear straight sprint test and the 505 change of direction test were conducted at pre-, post- and 48-h post-match. Findings show increased change of direction completion time at post- (p = 0.030) and 48-h post-match (p &lt; 0.001), greater change of direction deficit at 48-h post-match (p &lt; 0.001) regardless of the method for classifying lower-limb dominance (i.e., dominant and non-dominant in the change of direction test, preferred and non-preferred kicking limb), and impaired change of direction performance with preferred kicking limb immediately after the match (p = 0.024). Thus, the acute and residual fatigue-induced by a soccer match resulted in different alterations at post- and 48-h post-match in both change of direction deficit and change of direction asymmetries. These results may be applicable by practitioners interested in understanding the influence of a soccer match on change of direction performance.</subfield>
</datafield>
<datafield tag="024" ind2=" " ind1="8">
<subfield code="a">Marqués-Jiménez, D., Izquierdo, J. M., Castillo, D., Losa-Reyna, J., Domínguez-Díez, M., &amp; Ramirez-Jimenez, M. (2025). Post-match recovery of change of direction performance in soccer: Examining change of direction deficit and asymmetries. International Journal of Sports Science &amp; Coaching, 20(5), 2011-2019. https://doi.org/10.1177/17479541251340290</subfield>
</datafield>
<datafield tag="024" ind2=" " ind1="8">
<subfield code="a">1747-9541</subfield>
</datafield>
<datafield tag="024" ind2=" " ind1="8">
<subfield code="a">https://uvadoc.uva.es/handle/10324/82009</subfield>
</datafield>
<datafield tag="024" ind2=" " ind1="8">
<subfield code="a">10.1177/17479541251340290</subfield>
</datafield>
<datafield tag="024" ind2=" " ind1="8">
<subfield code="a">2011</subfield>
</datafield>
<datafield tag="024" ind2=" " ind1="8">
<subfield code="a">5</subfield>
</datafield>
<datafield tag="024" ind2=" " ind1="8">
<subfield code="a">2019</subfield>
</datafield>
<datafield tag="024" ind2=" " ind1="8">
<subfield code="a">International Journal of Sports Science &amp; Coaching</subfield>
</datafield>
<datafield tag="024" ind2=" " ind1="8">
<subfield code="a">20</subfield>
</datafield>
<datafield tag="024" ind2=" " ind1="8">
<subfield code="a">2048-397X</subfield>
</datafield>
<datafield tag="245" ind1="0" ind2="0">
<subfield code="a">Post-match recovery of change of direction performance in soccer: Examining change of direction deficit and asymmetries</subfield>
</datafield>
</record></metadata></record></GetRecord></OAI-PMH>